| 000 | 00583nam a2200217Ia 4500 | ||
|---|---|---|---|
| 008 | 160404s9999 xx 000 0 und d | ||
| 020 | _a978-971-27-1915-8 | ||
| 050 | _aFIL TX 911.3.M27 | ||
| 050 | _b.L56 2008 | ||
| 100 | _aLim, Lino ED. | ||
| 245 | _aSetting and managing a small hotel / | ||
| 245 | _cLino ED. Lim, Patty Martin. | ||
| 260 | _aPasig City: | ||
| 260 | _bAnvil Pub. Inc., | ||
| 260 | _c2008 | ||
| 300 | _a227 pages : | ||
| 300 | _billustrations ; | ||
| 300 | _c25 cm. | ||
| 500 | _aIncludes bibliographical references. | ||
| 650 | _aHotel management. | ||
| 999 |
_c293144 _d293144 |
||